NLSUI OPAC header image

Under the guise of legality: Israel's declarations of State Land in the West Bank , Feb. 2012 (Record no. 36441)

MARC details
000 -LEADER
fixed length control field 00458nam a2200157Ia 4500
008 - FIXED-LENGTH DATA ELEMENTS--GENERAL INFORMATION
fixed length control field 160316s2012 xxu||||| |||| 00| 0 eng d
082 ## - DEWEY DECIMAL CLASSIFICATION NUMBER
Classification number 346.046730
Item number SHA
100 ## - MAIN ENTRY--PERSONAL NAME
Personal name Shalev Nir
245 ## - TITLE STATEMENT
Title Under the guise of legality: Israel's declarations of State Land in the West Bank , Feb. 2012
250 ## - EDITION STATEMENT
Edition statement
260 ## - PUBLICATION, DISTRIBUTION, ETC.
Place of publication, distribution, etc.
Name of publisher, distributor, etc. B'Tselem
Date of publication, distribution, etc. 2012
300 ## - PHYSICAL DESCRIPTION
Extent 60
Other physical details
Dimensions
365 ## - TRADE PRICE
Price amount
650 ## - SUBJECT ADDED ENTRY--TOPICAL TERM
Topical term or geographic name entry element 1. Legality - policy<br/>2. Land laws<br/>
700 ## - ADDED ENTRY--PERSONAL NAME
Personal name Stein Yael
-- Shulman Zvi
Holdings
Withdrawn status Lost status Damaged status Not for loan Home library Current library Shelving location Date acquired Total Checkouts Full call number Barcode Date last seen Price effective from Koha item type
        . .   30.05.2017   346.04673 SHA REP12187 30.05.2017 30.05.2017 Repository